| 000 | 01099nam a2200241Ia 4500 | ||
|---|---|---|---|
| 001 | 19474 | ||
| 003 | GE_BSU | ||
| 008 | 181216s||||||||xx |||||||||||||| ||und|| | ||
| 040 | _cGE_BSU | ||
| 080 | _a091(=353.1) | ||
| 245 | _aმრავალთავი ფილოლოგიურ-ისტორიული ძიებანი V= Мравалтави | ||
| 245 | _cტომის რედ:ე.ხოშტარია;მხატ:გ.ნადირაძე | ||
| 250 | _aკ.კეკელიძის სახელობის ხელნაწერთა ინ-ტი | ||
| 260 | _aთბილისი | ||
| 260 | _bმეცნიერება | ||
| 260 | _c1975 | ||
| 300 | _a277გვ;27სმ. | ||
| 300 | _b1ფ პორტრეტი | ||
| 653 | _aეძღვნება აკადემიკოს ივანე ჯავახიშვილის დაბადებიდან 100 წლისთავს. | ||
| 653 | _aქართული ენა | ||
| 653 | _aქართული ენის ისტორია | ||
| 942 | _cBK | ||
| 999 |
_c52451 _d52451 |
||